00888nam a2200241 i 4500001000300000100002000003245010700023260007000130300002900200504003000229521010700259650001000366650001800376655003000394700001800424015001700442020001500459040000800474041000800482080001700490008004100507856009800548bg1 aWŁOCH, Andrzej10aMatematyka dyskretna :bpodstawowe metody i algorytmy teorii grafów /cAndrzej Włoch, Iwona Włoch. aRzeszów :bOficyna Wydawnicza Politechniki Rzeszowskiej,c2004. a154 s. :brys. ;c24 cm. aBibliogr. s. 150. Indeks. aDla studentów informatyki oraz osób interesujących się praktycznymi zastosowaniami matematyki. 9aGrafy 9aKombinatoryka aPodręczniki akademickie1 aWŁOCH, Iwona aPB 2975/2005 a8371993234 cBPK0 apol a519.1(075.8) s pl f |000 0 pol  uhttp://koha.tu.koszalin.pl/cgi-bin/koha/opac-detail.pl?biblionumber=51171yKatalog online BPK